[Event "IX Floripa Chess Open Fort Atacadista"]
[Site "Florianópolis - Santa Catari"]
[Date "2023.01.28"]
[Round "9.153"]
[White "Matos, Alexandre De"]
[Black "Felix, Joao Eduardo Orland"]
[Result "1/2-1/2"]
[WhiteElo "1871"]
[BlackElo "1693"]
[PlyCount "77"]
[EventDate "2023.01.23"]
[EventRounds "10"]
[EventCountry "BRA"]

1. e4 c5 2. Nf3 e6 3. d4 cxd4 4. Nxd4 Nc6 5. Nc3 Qc7 6. a3 a6 7. Be3 Nf6 8. Be2
Be7 9. O-O O-O 10. f4 d6 11. Qd2 Nxd4 12. Bxd4 e5 13. Be3 b5 14. Nd5 Nxd5 15.
exd5 Bb7 16. f5 Bf6 17. Rac1 Rac8 18. g4 h6 19. c3 Qe7 20. Rcd1 Rfe8 21. Rf2
Bg5 22. f6 Bxf6 23. Rdf1 Bg5 24. Rxf7 Bxe3+ 25. Qxe3 Qxf7 26. Rxf7 Kxf7 27. Qe4
g6 28. Bd3 Rg8 29. g5 hxg5 30. Qg4 Rc7 31. Qxg5 Rcc8 32. Be4 Rc4 33. b3 Rc7 34.
Qg4 Bc8 35. Qf3+ Kg7 36. h4 Rf7 37. Qg3 Rf4 38. Qe3 Rgf8 39. Bg2 1/2-1/2

[Event "IX Floripa Chess Open Fort Atacadista"]
[Site "Florianópolis - Santa Catari"]
[Date "2023.01.28"]
[Round "9.154"]
[White "Campagnolo, Fabiola"]
[Black "Kikuchi, Alexandre Hideki Lo"]
[Result "1/2-1/2"]
[WhiteElo "1682"]
[BlackElo "1800"]
[PlyCount "77"]
[EventDate "2023.01.23"]
[EventRounds "10"]
[EventCountry "BRA"]

1. e4 c5 2. Nf3 e6 3. d4 cxd4 4. Nxd4 Nc6 5. Nc3 Qc7 6. Ndb5 Qb8 7. Be3 a6 8.
Nd4 Nf6 9. a3 Be7 10. Be2 O-O 11. O-O b5 12. f4 Bb7 13. Bf3 d6 14. g4 Nxd4 15.
Bxd4 e5 16. Be3 Qc7 17. f5 Rac8 18. Qe1 Nd7 19. g5 f6 20. h4 Nb6 21. Rd1 Nc4
22. Bc1 Nxa3 23. Rf2 Nc4 24. Kh1 Qc5 25. Rd3 b4 26. Na4 Qb5 27. b3 Na5 28. Be3
Rxc2 29. Rxc2 Qxd3 30. Rc7 Bxe4 31. Rxe7 Bxf3+ 32. Kg1 Qxf5 33. Qg3 Qb1+ 34.
Kf2 e4 35. Qf4 Qh1 36. Rxg7+ Kh8 37. Rxh7+ Kxh7 38. Qf5+ Kg8 39. Qg6+ 1/2-1/2

[Event "IX Floripa Chess Open Fort Atacadista"]
[Site "Florianópolis - Santa Catari"]
[Date "2023.01.28"]
[Round "9.155"]
[White "Dias, Matheus Nunes"]
[Black "Toigo, John Edward"]
[Result "1-0"]
[WhiteElo "1680"]
[BlackElo "1800"]
[PlyCount "101"]
[EventDate "2023.01.23"]
[EventRounds "10"]
[EventCountry "BRA"]

1. d4 Nf6 2. c4 g6 3. Nc3 Bg7 4. e4 d6 5. Nf3 O-O 6. Be2 e5 7. O-O exd4 8. Nxd4
Re8 9. f3 c6 10. Kh1 d5 11. cxd5 cxd5 12. Bb5 Bd7 13. exd5 Bxb5 14. Ndxb5 a6
15. Na3 b5 16. Nc2 Qd6 17. Bg5 Nbd7 18. a3 Rac8 19. Qd2 Rc4 20. Ne3 Rxe3 21.
Bxe3 Rh4 22. g4 h5 23. Bg5 Rh3 24. Bf4 Ne5 25. Rae1 Nfd7 26. Ne4 Qb6 27. Ng5
Nc4 28. Re8+ Nf8 29. Qg2 hxg4 30. fxg4 Rb3 31. Bc1 Nd6 32. Re7 Qd8 33. Ra7 Bf6
34. Ne4 Nxe4 35. Qxe4 Nh7 36. g5 Qb8 37. Rxa6 Bxb2 38. d6 Nf8 39. Qe7 Ne6 40.
Qxf7+ Kh8 41. Bxb2+ Rxb2 42. Qf6+ Kh7 43. Qxb2 Qb7+ 44. Kg1 Qxa6 45. Rf7+ Kg8
46. Rf6 Qb6+ 47. Qf2 Qc6 48. Rxe6 Qc1+ 49. Qf1 Qxg5+ 50. Qg2 Qc5+ 51. Qf2 1-0

[Event "IX Floripa Chess Open Fort Atacadista"]
[Site "Florianópolis - Santa Catari"]
[Date "2023.01.28"]
[Round "9.157"]
[White "De Melo, Jailson Jose"]
[Black "Duailibi, Ricardo Miguel"]
[Result "1-0"]
[WhiteElo "1929"]
[BlackElo "1885"]
[PlyCount "63"]
[EventDate "2023.01.23"]
[EventRounds "10"]
[EventCountry "BRA"]

1. b4 e5 2. Bb2 Bd6 3. c4 c6 4. Nf3 Qe7 5. d3 Nf6 6. b5 c5 7. e3 b6 8. a4 Bc7
9. Nbd2 Bb7 10. a5 a6 11. axb6 Bd6 12. Bc3 O-O 13. Be2 Re8 14. O-O Qd8 15. Qc2
axb5 16. cxb5 Rxa1 17. Rxa1 e4 18. dxe4 Nxe4 19. Nc4 Nxc3 20. Nxd6 Nxe2+ 21.
Qxe2 Bxf3 22. Qxf3 Rf8 23. b7 Qc7 24. Qd5 c4 25. Rc1 c3 26. h4 h6 27. Qd3 f5
28. Rxc3 Qa5 29. Kh2 Qd8 30. g3 f4 31. exf4 Qb6 32. Kg2 1-0

[Event "IX Floripa Chess Open Fort Atacadista"]
[Site "Florianópolis - Santa Catari"]
[Date "2023.01.28"]
[Round "9.158"]
[White "Moritz, Diego Homrich"]
[Black "Gomes, Joao Paulo Santos"]
[Result "1/2-1/2"]
[WhiteElo "1854"]
[BlackElo "1492"]
[PlyCount "130"]
[EventDate "2023.01.23"]
[EventRounds "10"]
[EventCountry "BRA"]

1. e4 c5 2. Nf3 d6 3. d4 cxd4 4. Nxd4 Nf6 5. f3 e5 6. Bb5+ Bd7 7. Bxd7+ Qxd7 8.
Nb3 d5 9. exd5 Qxd5 10. Qxd5 Nxd5 11. Bd2 Nb4 12. Na3 a6 13. O-O N8c6 14. Rfe1
Bd6 15. Rad1 O-O-O 16. Nc1 Bc5+ 17. Kf1 Rhe8 18. Bxb4 Bxb4 19. Rxd8+ Rxd8 20.
c3 Bc5 21. Nc4 f6 22. b4 Nxb4 23. Nb3 Nd3 24. Rd1 Ba7 25. g3 Nc5 26. Ke2 Rxd1
27. Kxd1 Kd7 28. Kc2 b5 29. Ncd2 f5 30. Nc1 Ke6 31. c4 bxc4 32. Nxc4 e4 33.
fxe4 Nxe4 34. Ne2 g5 35. Kd3 Nf2+ 36. Kd2 Ng4 37. h3 Ne5 38. Ne3 Ng6 39. Kd3 f4
40. Nc2 fxg3 41. Nxg3 Nf4+ 42. Ke4 Nxh3 43. Kf3 Nf2 44. Nb4 a5 45. Nc6 Bb6 46.
Nxa5 Bxa5 47. Kxf2 Ke5 48. Kf3 Kf6 49. Kg4 Kg6 50. a4 h6 51. Ne4 h5+ 52. Kh3
Kf5 53. Nd6+ Kf4 54. Nc4 Bb6 55. a5 Bc5 56. Kg2 g4 57. a6 h4 58. Nb2 h3+ 59.
Kh2 Kf3 60. Nd3 Bd4 61. a7 g3+ 62. Kxh3 Bxa7 63. Ne1+ Kf2 64. Nd3+ Ke3 65. Kxg3
Kxd3 1/2-1/2

[Event "IX Floripa Chess Open Fort Atacadista"]
[Site "Florianópolis - Santa Catari"]
[Date "2023.01.28"]
[Round "9.159"]
[White "Nunes, Agatha Hurba"]
[Black "Pimentel, Lucas Dos Santos"]
[Result "1-0"]
[WhiteElo "1823"]
[BlackElo "1470"]
[PlyCount "87"]
[EventDate "2023.01.23"]
[EventRounds "10"]
[EventCountry "BRA"]

1. d4 Nf6 2. c4 e6 3. Nc3 d5 4. cxd5 exd5 5. Bg5 Be7 6. e3 O-O 7. Bd3 c6 8.
Nge2 h6 9. Bh4 Ne8 10. Bxe7 Qxe7 11. O-O Nd6 12. Qc2 Qg5 13. Nf4 Bf5 14. Rae1
Na6 15. a3 b5 16. Nce2 Rac8 17. Ng3 Bxd3 18. Qxd3 Nc4 19. Qe2 Nc7 20. Nd3 a5
21. f4 Qf6 22. Nh5 Qd6 23. f5 g5 24. f6 Rfe8 25. Rf3 Ne6 26. Qf2 b4 27. axb4
axb4 28. Rh3 c5 29. Ng3 Nxd4 30. Rxh6 Ne5 31. Nf5 Qd7 32. Nxe5 Rxe5 33. Ne7+
Rxe7 34. fxe7 Nf5 35. Rf6 Nd6 36. Qe2 Qxe7 37. Rh6 Nf5 38. Rh3 Re8 39. Qh5 Kg7
40. Qh7+ Kf6 41. Rf1 Qe4 42. Qh6+ Ke7 43. Qxg5+ Ke6 44. g4 1-0

[Event "IX Floripa Chess Open Fort Atacadista"]
[Site "Florianópolis - Santa Catari"]
[Date "2023.01.28"]
[Round "9.160"]
[White "Oliveira, Sara Beatris Silva"]
[Black "Godinho, Bruno Cesar Ferreir"]
[Result "0-1"]
[WhiteElo "1535"]
[BlackElo "1819"]
[PlyCount "46"]
[EventDate "2023.01.23"]
[EventRounds "10"]
[EventCountry "BRA"]

1. Nf3 d5 2. g3 c5 3. Bg2 Nc6 4. e3 e5 5. d4 cxd4 6. exd4 e4 7. Ne5 Nf6 8. O-O
Bd6 9. Bf4 O-O 10. c4 dxc4 11. Nxc6 bxc6 12. Bxd6 Qxd6 13. Nc3 Bf5 14. Re1 Rfe8
15. Qa4 Qxd4 16. Qxc6 Rac8 17. Qb5 Re5 18. Qa4 e3 19. fxe3 Rxe3 20. Kh1 Ng4 21.
Bd5 Qd2 22. Bxf7+ Kh8 23. Ne2 Rxe2 0-1

[Event "IX Floripa Chess Open Fort Atacadista"]
[Site "Florianópolis - Santa Catari"]
[Date "2023.01.28"]
[Round "9.191"]
[White "Paula Pinto, Mateus Arsenio"]
[Black "Souza, Vitor Gabriel Batis"]
[Result "1-0"]
[WhiteElo "1538"]
[BlackElo "1800"]
[PlyCount "59"]
[EventDate "2023.01.23"]
[EventRounds "10"]
[EventCountry "BRA"]

1. d4 Nf6 2. c4 g6 3. Nf3 Bg7 4. g3 O-O 5. Bg2 d5 6. O-O dxc4 7. Qc2 Bf5 8.
Qxc4 Nbd7 9. Bf4 c6 10. Nc3 Nb6 11. Qb3 Nbd5 12. Be5 Qb6 13. Nd2 Nxc3 14. bxc3
Qa6 15. Qc4 Qxc4 16. Nxc4 Be6 17. Na5 Nd5 18. Bxg7 Kxg7 19. Rfc1 Rab8 20. Rab1
Nb6 21. c4 Rfe8 22. c5 Na4 23. Rb4 b5 24. Nxc6 a5 25. Rbb1 Bxa2 26. Ra1 Bc4 27.
Nxb8 Rxb8 28. d5 Rd8 29. Rxa4 bxa4 30. Rxc4 1-0

[Event "IX Floripa Chess Open Fort Atacadista"]
[Site "Florianópolis - Santa Catari"]
[Date "2023.01.28"]
[Round "9.193"]
[White "Cabral, Vivian De Paiva"]
[Black "Sergio, Claudio Santos"]
[Result "0-1"]
[WhiteElo "1348"]
[BlackElo "1981"]
[PlyCount "72"]
[EventDate "2023.01.23"]
[EventRounds "10"]
[EventCountry "BRA"]

1. e4 e5 2. Nf3 Nc6 3. Nc3 d6 4. Bb5 Bd7 5. d4 exd4 6. Nxd4 Nf6 7. Bg5 Be7 8.
Bxf6 Bxf6 9. Nce2 O-O 10. Bc4 Re8 11. f3 Nxd4 12. Nxd4 c5 13. Ne2 Be6 14. Bxe6
fxe6 15. c3 Qb6 16. Rb1 Rad8 17. O-O d5 18. exd5 exd5 19. Kh1 d4 20. cxd4 cxd4
21. Qd3 Qe6 22. Nc1 Qd5 23. Nb3 Re3 24. Qd2 Bg5 25. f4 Bf6 26. Rbd1 Qe4 27. Nc1
Re8 28. Qf2 h5 29. b3 h4 30. Kg1 d3 31. h3 Rxh3 32. Qd2 Bd4+ 33. Rf2 Rg3 34.
Kh2 Bxf2 35. Qxf2 Qe3 36. Qf1 d2 0-1

[Event "IX Floripa Chess Open Fort Atacadista"]
[Site "Florianópolis - Santa Catari"]
[Date "2023.01.28"]
[Round "9.194"]
[White "Predebon, Eduardo Angonesi"]
[Black "Leacina, Gisele Santiago"]
[Result "0-1"]
[WhiteElo "1740"]
[BlackElo "1326"]
[PlyCount "98"]
[EventDate "2023.01.23"]
[EventRounds "10"]
[EventCountry "BRA"]

1. e4 e5 2. Nf3 Nc6 3. Bc4 Nf6 4. d3 Bc5 5. O-O d6 6. c3 a6 7. Bb3 h6 8. Nbd2
Ba7 9. h3 g5 10. Nh2 h5 11. g3 Bxh3 12. Ndf3 Bxf1 13. Kxf1 Nh7 14. Bd5 Qf6 15.
g4 hxg4 16. Nxg4 Qg6 17. Bxc6+ bxc6 18. Qa4 Rd8 19. Qxc6+ Ke7 20. Qxc7+ Rd7 21.
Qxd7+ Kxd7 22. Nfxe5+ dxe5 23. Nxe5+ Ke6 24. Nxg6 fxg6 25. Ke2 g4 26. Bf4 Nf6
27. d4 Nxe4 28. f3 gxf3+ 29. Kxf3 Kf5 30. Be5 Rg8 31. Rh1 Nd2+ 32. Kg3 Nc4 33.
Rh7 Bb6 34. Bc7 Bxc7+ 35. Rxc7 Nxb2 36. Rc6 Na4 37. d5 Rd8 38. c4 Nb2 39. Rxa6
Nxc4 40. Rc6 Nd2 41. d6 Ne4+ 42. Kf3 Rxd6 43. Rc8 Ra6 44. Rc2 g5 45. Kg2 g4 46.
Rb2 Kf4 47. Rc2 g3 48. Rb2 Rd6 49. Rb3 Rd2+ 0-1

[Event "IX Floripa Chess Open Fort Atacadista"]
[Site "Florianópolis - Santa Catari"]
[Date "2023.01.28"]
[Round "9.195"]
[White "Silva, Henrique Brasil Bar"]
[Black "Presa, Luis Alberto Passos"]
[Result "1-0"]
[WhiteElo "1325"]
[BlackElo "1733"]
[PlyCount "151"]
[EventDate "2023.01.23"]
[EventRounds "10"]
[EventCountry "BRA"]

1. e4 c5 2. c3 d5 3. exd5 Qxd5 4. d4 cxd4 5. cxd4 e5 6. dxe5 Bb4+ 7. Bd2 Qxe5+
8. Qe2 Bxd2+ 9. Nxd2 Qxe2+ 10. Bxe2 Nf6 11. Ngf3 O-O 12. O-O Re8 13. Rfe1 Nc6
14. a3 Bf5 15. Bc4 h6 16. h3 Rad8 17. Rac1 Bd7 18. Ba2 Kf8 19. Kf1 Bf5 20. Bc4
Rxe1+ 21. Rxe1 Nd4 22. Ba2 Nxf3 23. Nxf3 Bd3+ 24. Kg1 Be4 25. Bb1 Bxf3 26. gxf3
Rd2 27. b4 Nd5 28. Kg2 Nf4+ 29. Kg3 g5 30. Re5 f6 31. Re1 h5 32. Rf1 Kf7 33.
Bf5 Ne2+ 34. Kg2 Nd4 35. Be4 b6 36. Rc1 Ne6 37. Kf1 Ke7 38. Bf5 Rd7 39. Bxe6
Kxe6 40. Rc3 Kf5 41. Kg2 Rd6 42. Rc8 a6 43. Rc3 b5 44. Re3 Rd4 45. Rc3 Ke5 46.
Re3+ Kd5 47. Rc3 Rd2 48. Re3 Rc2 49. Rd3+ Ke5 50. Re3+ Kf5 51. Rd3 Ke6 52. Re3+
Kf7 53. Rd3 Rc6 54. Re3 Kg6 55. Rd3 f5 56. Re3 Kf6 57. Kh2 f4 58. Rd3 Ke5 59.
Kg2 Rc4 60. Kg1 a5 61. bxa5 Ra4 62. Kg2 Rxa5 63. Kh2 Ra4 64. Rb3 Ra5 65. Rd3
Ra6 66. Kg2 Rd6 67. Rb3 Rd5 68. Rb4 Kd6 69. a4 Kc6 70. Rxb5 Rxb5 71. axb5+ Kxb5
72. h4 gxh4 73. Kh3 Kc5 74. Kxh4 Kd5 75. Kxh5 Ke5 76. Kg5 1-0

[Event "IX Floripa Chess Open Fort Atacadista"]
[Site "Florianópolis - Santa Catari"]
[Date "2023.01.28"]
[Round "9.196"]
[White "Fugimoto, Rafael Aoki"]
[Black "Setti, Dalmarino"]
[Result "1-0"]
[WhiteElo "1317"]
[BlackElo "1696"]
[PlyCount "51"]
[EventDate "2023.01.23"]
[EventRounds "10"]
[EventCountry "BRA"]

1. d4 d5 2. Nf3 Nf6 3. Bf4 e6 4. e3 Bd6 5. Ne5 O-O 6. Bd3 b6 7. Nd2 c5 8. c3
Bb7 9. Qf3 Nc6 10. Qh3 Ne7 11. g4 Ng6 12. Rg1 Ne4 13. f3 Bxe5 14. Bxe5 Nxd2 15.
Kxd2 Qh4 16. Rg3 Qxh3 17. Rxh3 Rac8 18. g5 f6 19. gxf6 gxf6 20. Bd6 Rf7 21. Rg1
f5 22. Be5 Kf8 23. Bd6+ Ke8 24. Be5 Kd8 25. Rxg6 Bc6 26. Rg8+ 1-0

[Event "IX Floripa Chess Open Fort Atacadista"]
[Site "Florianópolis - Santa Catari"]
[Date "2023.01.28"]
[Round "9.197"]
[White "Altenhofen, Rafael Graneto"]
[Black "Orlandi Neto, Aristides"]
[Result "1-0"]
[WhiteElo "1315"]
[BlackElo "1684"]
[PlyCount "71"]
[EventDate "2023.01.23"]
[EventRounds "10"]
[EventCountry "BRA"]

1. d4 Nf6 2. c4 g6 3. Nc3 Bg7 4. e4 d6 5. Nf3 O-O 6. Be2 e5 7. O-O Nc6 8. d5
Ne7 9. b4 a5 10. Ba3 Nd7 11. bxa5 Rxa5 12. Bb4 Ra7 13. Nb5 Ra8 14. Rc1 b6 15.
a4 Nc5 16. Bxc5 bxc5 17. Rb1 f5 18. exf5 gxf5 19. Qb3 Ng6 20. Rfc1 Rf7 21. Kh1
h5 22. h3 e4 23. Ng1 h4 24. f3 Qg5 25. fxe4 fxe4 26. Rf1 Bf5 27. Bg4 Raf8 28.
Bxf5 Rxf5 29. Rxf5 Rxf5 30. Qc2 e3 31. Nf3 Qf4 32. Nxc7 Be5 33. Ne6 Qg3 34.
Qxf5 e2 35. Rb8+ Kh7 36. Qh5# 1-0

[Event "IX Floripa Chess Open Fort Atacadista"]
[Site "Florianópolis - Santa Catari"]
[Date "2023.01.28"]
[Round "9.198"]
[White "Gomes, Marco Tulio Caldeir"]
[Black "Borba Da Rosa, Rodrigo"]
[Result "1-0"]
[WhiteElo "1645"]
[BlackElo "1304"]
[PlyCount "73"]
[EventDate "2023.01.23"]
[EventRounds "10"]
[EventCountry "BRA"]

1. c4 e5 2. Nf3 f5 3. d3 Nf6 4. g3 d6 5. Bg2 c6 6. Nc3 Nbd7 7. O-O Be7 8. Qc2
O-O 9. a3 h6 10. b4 Nh7 11. e3 Ng5 12. Bb2 f4 13. exf4 exf4 14. Rae1 fxg3 15.
fxg3 Nxf3+ 16. Bxf3 Ne5 17. Be4 Bh3 18. Bg2 Qd7 19. Ne4 Rxf1+ 20. Rxf1 Rf8 21.
Rxf8+ Kxf8 22. d4 Bxg2 23. Qxg2 Nxc4 24. Qf1+ Kg8 25. Qxc4+ d5 26. Nc5 Bxc5 27.
Qxc5 Qe6 28. Qc3 Qe2 29. Qc1 b6 30. Bc3 c5 31. dxc5 bxc5 32. Qd2 Qe4 33. bxc5
Qb1+ 34. Qe1 Qb5 35. Qe6+ Kh8 36. Qxd5 Qb1+ 37. Kg2 1-0

[Event "IX Floripa Chess Open Fort Atacadista"]
[Site "Florianópolis - Santa Catari"]
[Date "2023.01.28"]
[Round "9.199"]
[White "Dionisio, Alex Monteiro"]
[Black "Mesquita, Victor Noronha"]
[Result "1/2-1/2"]
[WhiteElo "1616"]
[BlackElo "1289"]
[PlyCount "58"]
[EventDate "2023.01.23"]
[EventRounds "10"]
[EventCountry "BRA"]

1. e4 d5 2. exd5 Qxd5 3. Nc3 Qa5 4. d4 Nf6 5. Bd3 c6 6. h3 g6 7. Nf3 Be6 8. O-O
Bg7 9. Bd2 Qc7 10. Ne2 c5 11. dxc5 Nbd7 12. Nf4 Bd5 13. Nxd5 Nxd5 14. c3 Nxc5
15. Bb5+ Nd7 16. Bh6 Bxh6 17. Qxd5 e6 18. Rfe1 O-O-O 19. Qe4 Nc5 20. Qc2 a6 21.
Bf1 Bg7 22. b4 Nd7 23. Rac1 Ne5 24. Nxe5 Bxe5 25. c4 Rd7 26. Red1 Rhd8 27. Rxd7
Qxd7 28. c5 Qd2 29. c6 Qxc2 1/2-1/2

[Event "IX Floripa Chess Open Fort Atacadista"]
[Site "Florianópolis - Santa Catari"]
[Date "2023.01.28"]
[Round "9.200"]
[White "Bashtavenko, Aleksey"]
[Black "De Souza, Joao Francisco Biz"]
[Result "0-1"]
[WhiteElo "1569"]
[BlackElo "1249"]
[PlyCount "46"]
[EventDate "2023.01.23"]
[EventRounds "10"]
[EventCountry "BRA"]

1. d4 Nf6 2. c4 e6 3. Nf3 d5 4. g3 c5 5. cxd5 exd5 6. Nc3 Nc6 7. Bg2 cxd4 8.
Nxd4 Bc5 9. Nxc6 bxc6 10. O-O O-O 11. Bg5 h6 12. Bxf6 Qxf6 13. Nxd5 cxd5 14.
Qxd5 Rb8 15. Qxc5 Rxb2 16. Qxa7 Rxe2 17. a4 Ba6 18. Rfd1 Rfe8 19. Bf1 R2e6 20.
Bxa6 Rxa6 21. Qd4 Re1+ 22. Kg2 Qxd4 23. Rxd4 Rxa1 0-1

[Event "IX Floripa Chess Open Fort Atacadista"]
[Site "Florianópolis - Santa Catari"]
[Date "2023.01.28"]
[Round "9.201"]
[White "Guerra, Frederico Cavalcant"]
[Black "Carmo, Jose Arlindo"]
[Result "0-1"]
[WhiteElo "1239"]
[BlackElo "1562"]
[PlyCount "74"]
[EventDate "2023.01.23"]
[EventRounds "10"]
[EventCountry "BRA"]

1. e4 c5 2. Nf3 d6 3. c3 Nc6 4. Bb5 Qc7 5. O-O a6 6. Ba4 Nf6 7. Re1 b5 8. Bc2
e5 9. d3 Be7 10. Bg5 O-O 11. Nbd2 Bg4 12. Nf1 Rad8 13. Ng3 h6 14. Bc1 a5 15. h3
Be6 16. Nh4 Rfe8 17. Nhf5 Bf8 18. b3 Kh7 19. Bb2 g6 20. Ne3 Qb6 21. d4 cxd4 22.
cxd4 exd4 23. Nef1 Bg7 24. Nd2 Nd7 25. Bb1 Nde5 26. Nf3 Rd7 27. Bc2 Nxf3+ 28.
Qxf3 Nb4 29. Bd1 Rc7 30. Rb1 Nxa2 31. Ne2 Nc3 32. Nxc3 dxc3 33. Bxc3 Rxc3 34.
Qf4 Rec8 35. Bg4 Be5 36. Qd2 Rc2 37. Qd1 Qxf2+ 0-1

[Event "IX Floripa Chess Open Fort Atacadista"]
[Site "Florianópolis - Santa Catari"]
[Date "2023.01.28"]
[Round "9.202"]
[White "Usui, Gabriella Yumi"]
[Black "Amorim Filho, Robson Bezerra"]
[Result "1-0"]
[WhiteElo "1550"]
[BlackElo "1216"]
[PlyCount "52"]
[EventDate "2023.01.23"]
[EventRounds "10"]
[EventCountry "BRA"]

1. d4 Nf6 2. Nf3 g6 3. c4 Bg7 4. g3 d6 5. Bg2 O-O 6. O-O c5 7. Nc3 Bd7 8. e4
cxd4 9. Nxd4 Nc6 10. Nde2 Qa5 11. Bd2 Qh5 12. Nf4 Qc5 13. b3 Qb6 14. Rc1 Bg4
15. Nfd5 Bxd1 16. Nxb6 axb6 17. Rfxd1 Nd7 18. Na4 Nd4 19. Kf1 b5 20. cxb5 Nxb5
21. Be3 Ne5 22. f4 Ng4 23. Bg1 f5 24. exf5 Rxf5 25. Bxb7 Ra7 26. Bd5+ Rf7 1-0

[Event "IX Floripa Chess Open Fort Atacadista"]
[Site "Florianópolis - Santa Catari"]
[Date "2023.01.28"]
[Round "9.204"]
[White "Bokhonok, Tatiana Dos Santos "]
[Black "De Fassio, Davi Dos Santos"]
[Result "1/2-1/2"]
[WhiteElo "1539"]
[BlackElo "1200"]
[PlyCount "129"]
[EventDate "2023.01.23"]
[EventRounds "10"]
[EventCountry "BRA"]

1. d4 Nf6 2. c4 g6 3. Nc3 Bg7 4. e4 d6 5. Bd3 O-O 6. f4 c5 7. d5 e6 8. Nf3 exd5
9. cxd5 Re8 10. O-O c4 11. Bc2 Qb6+ 12. Qd4 Qxd4+ 13. Nxd4 Nxe4 14. Ndb5 Nxc3
15. bxc3 Na6 16. Rb1 Bf8 17. Ba3 Re2 18. Rf2 Rxf2 19. Kxf2 Nc5 20. Bxc5 dxc5
21. Na3 b6 22. Nxc4 Ba6 23. Ne3 Bd6 24. f5 Rf8 25. Rd1 Be5 26. c4 Bd4 27. Bb3
gxf5 28. Kf3 Bc8 29. Kf4 Bxe3+ 30. Kxe3 Re8+ 31. Kf3 Re4 32. Rd2 a6 33. Re2
Rxe2 34. Kxe2 Kg7 35. Kf3 Bd7 36. Kf4 Kf6 37. a4 b5 38. axb5 axb5 39. cxb5 Bxb5
40. Bc2 Bd7 41. Bb3 Bb5 42. Bc2 Bd7 43. h3 h6 44. Bd3 Bc8 45. Bc4 Bd7 46. d6
Bc6 47. g3 Bd7 48. g4 fxg4 49. hxg4 Kg6 50. Bd3+ Kf6 51. Bc4 Kg6 52. Bd5 f5 53.
gxf5+ Kf6 54. Be4 Be6 55. fxe6 Kxe6 56. Ke3 Kxd6 57. Kd3 Ke5 58. Bh1 Kf4 59.
Kc4 h5 60. Kxc5 h4 61. Kd4 Kg3 62. Ke3 Kh2 63. Bf3 h3 64. Bg4 Kg1 65. Bxh3
1/2-1/2

[Event "IX Floripa Chess Open Fort Atacadista"]
[Site "Florianópolis - Santa Catari"]
[Date "2023.01.28"]
[Round "9.205"]
[White "Ludtke, Ezequiel Rodrigues"]
[Black "Kim, Andre"]
[Result "1-0"]
[WhiteElo "1538"]
[BlackElo "1198"]
[PlyCount "42"]
[EventDate "2023.01.23"]
[EventRounds "10"]
[EventCountry "BRA"]

1. e4 e5 2. Nf3 Nc6 3. Bc4 Bc5 4. Nc3 Nf6 5. d3 h6 6. Be3 Bxe3 7. fxe3 d6 8.
O-O O-O 9. h3 Qe7 10. Qe1 Be6 11. Bb3 Bxb3 12. axb3 Qd7 13. Nh4 Ne7 14. Ne2 d5
15. exd5 Qxd5 16. Ng3 e4 17. Ngf5 Nxf5 18. Nxf5 Kh7 19. d4 Qe6 20. Qh4 Ng8 21.
Rf2 g6 (21... g6 22. Ng3 f5 23. Ne2 Qd6 24. Rff1 Ne7 25. Nc3 c6 26. Kh1 Nd5 27.
Nxd5 Qxd5 28. c4 Qe6 29. Rfd1 Rfd8 30. Rxa7 g5 31. Rxb7+ Kg6 32. Qg3 Rd7 33.
Rb4 Rda7 34. d5 cxd5 35. Rxd5 Rd7 36. Rxd7 Qxd7 37. Rb6+ Kh7 38. Kh2 Rc8 39.
Qe5 Qc7 40. Qxc7+ Rxc7 41. g3 h5 42. Rb5 Kg6 43. c5 g4 44. Rb6+ Kg5 45. h4#)
1-0

[Event "IX Floripa Chess Open Fort Atacadista"]
[Site "Florianópolis - Santa Catari"]
[Date "2023.01.28"]
[Round "9.206"]
[White "Matsunaga, Lange Cristina"]
[Black "Ramos, Rafael Cabreira"]
[Result "0-1"]
[WhiteElo "1479"]
[BlackElo "1161"]
[PlyCount "104"]
[EventDate "2023.01.23"]
[EventRounds "10"]
[EventCountry "BRA"]

1. e4 e5 2. Nf3 Nc6 3. Nc3 Nf6 4. d4 exd4 5. Nxd4 Bb4 6. Nxc6 Bxc3+ 7. bxc3
dxc6 8. Bd3 O-O 9. O-O Re8 10. e5 Nd5 11. Bb2 Nb6 12. a3 Be6 13. f4 Bc4 14. Rb1
Qd5 15. Qe2 f6 16. Rfd1 Qc5+ 17. Kh1 fxe5 18. Qe4 Bxd3 19. cxd3 exf4 20. Qxf4
Nd5 21. Qg5 Qe7 22. Qg3 Ne3 23. Re1 Nf5 24. Qf2 Qd7 25. c4 Rxe1+ 26. Rxe1 Qxd3
27. g4 Nd6 28. Re7 Qd1+ 29. Re1 Qxg4 30. Rf1 Qe4+ 31. Kg1 Qxc4 32. Qg3 Qc5+ 33.
Rf2 Nf5 34. Qb3+ Qd5 35. Qc3 Rf8 36. Rd2 Qe6 37. Rd3 Qg6+ 38. Rg3 Nxg3 39. hxg3
Qb1+ 40. Bc1 Qb5 41. Qe1 Qd5 42. Bd2 c5 43. Bc3 c6 44. Qe7 Qd1+ 45. Be1 Qd4+
46. Kh2 c4 47. Bb4 Qf2+ 48. Kh3 Qf1+ 49. Kg4 Qf5+ 50. Kh4 Qf6+ 51. Qxf6 Rxf6
52. g4 Rf3 0-1

[Event "IX Floripa Chess Open Fort Atacadista"]
[Site "Florianópolis - Santa Catari"]
[Date "2023.01.28"]
[Round "9.207"]
[White "Koinski, Carlos Cesar"]
[Black "Solanho, Henrique Sulzbach"]
[Result "0-1"]
[WhiteElo "1450"]
[BlackElo "1098"]
[PlyCount "106"]
[EventDate "2023.01.23"]
[EventRounds "10"]
[EventCountry "BRA"]

1. Nf3 d5 2. c4 e6 3. cxd5 exd5 4. e3 Bf5 5. d4 Nf6 6. Nc3 c6 7. h3 Bd6 8. Nh4
Bg6 9. Nxg6 hxg6 10. a3 Nbd7 11. b4 O-O 12. Bd3 Qc7 13. Bb2 Rfe8 14. Rc1 Nb6
15. Nb5 Qd7 16. Nxd6 Qxd6 17. Bc3 Ne4 18. O-O Nxc3 19. Rxc3 Qe6 20. Qf3 Nc4 21.
Qe2 b5 22. Ra1 a6 23. Bxc4 bxc4 24. Qf3 Qf5 25. Qxf5 gxf5 26. g3 a5 27. bxa5
Rxa5 28. Rb1 Rb5 29. Ra1 Reb8 30. Kg2 Rb1 31. Rxb1 Rxb1 32. h4 Rb3 33. Rc2 Rxa3
34. Kf3 g6 35. Kf4 Kg7 36. Ke5 Kf8 37. Kd6 Ra6 38. Rb2 Kg7 39. Rc2 Kf6 40. f4
Ra3 41. Kxc6 Ke6 42. g4 fxg4 43. Rg2 c3 44. Rc2 f5 45. Kc5 Ra4 46. Rxc3 Rc4+
47. Rxc4 dxc4 48. Kc6 Ke7 49. Kc7 c3 50. d5 c2 51. d6+ Ke6 52. d7 c1=Q+ 53. Kd8
Qc6 0-1

[Event "IX Floripa Chess Open Fort Atacadista"]
[Site "Florianópolis - Santa Catari"]
[Date "2023.01.28"]
[Round "9.208"]
[White "Ribeiro, Erica De Jesus"]
[Black "Santos, Mike Sperandio"]
[Result "0-1"]
[WhiteElo "1445"]
[BlackElo "1811"]
[PlyCount "80"]
[EventDate "2023.01.23"]
[EventRounds "10"]
[EventCountry "BRA"]

1. e4 c5 2. Nf3 d6 3. d4 cxd4 4. Nxd4 Nf6 5. f3 e5 6. Bb5+ Nbd7 7. Nf5 Qc7 8.
Nc3 a6 9. Ba4 b5 10. Bb3 Bb7 11. O-O h6 12. Ne3 Nb6 13. Kh1 Be7 14. Ned5 Nbxd5
15. Nxd5 Bxd5 16. Bxd5 Nxd5 17. Qxd5 Rc8 18. c3 O-O 19. a3 Qc4 20. Qxc4 bxc4
21. Rd1 Rb8 22. Rd5 f5 23. exf5 Rxf5 24. Rb1 Rb5 25. Rxb5 axb5 26. Be3 d5 27.
Rd1 e4 28. fxe4 dxe4 29. Kg1 Kf7 30. Rd4 Re5 31. Rd1 Ke6 32. g4 Bg5 33. Kf2
Bxe3+ 34. Kxe3 Rd5 35. Rd4 Rxd4 36. cxd4 Kd5 37. h4 g6 38. Ke2 Kxd4 39. Kd2 e3+
40. Ke1 Kd3 0-1

[Event "IX Floripa Chess Open Fort Atacadista"]
[Site "Florianópolis - Santa Catari"]
[Date "2023.01.28"]
[Round "9.209"]
[White "Navarro Canete, Facundo Javier"]
[Black "Soares, Rafael Tuma"]
[Result "1/2-1/2"]
[WhiteElo "1148"]
[BlackElo "1440"]
[PlyCount "57"]
[EventDate "2023.01.23"]
[EventRounds "10"]
[EventCountry "BRA"]

1. e4 c5 2. Nf3 d6 3. d4 cxd4 4. Nxd4 Nf6 5. Nc3 a6 6. Bg5 e6 7. f3 Be7 8. Qd2
O-O 9. O-O-O Qc7 10. g4 Rd8 11. Kb1 Nc6 12. h4 b5 13. Bh3 Na5 14. b3 Rb8 15.
Qd3 Bd7 16. Bc1 Rdc8 17. Bb2 Qb6 18. Nce2 d5 19. e5 Ne8 20. g5 Nc4 21. f4 Nxb2
22. Kxb2 Qa5 23. h5 Qa3+ 24. Kb1 g6 25. hxg6 hxg6 26. Bxe6 Bxe6 27. Nxe6 Ng7
28. Nxg7 Kxg7 29. Qxd5 1/2-1/2